00283nam a22000977a 4500008004100000082001600041100005300057245004500110260002100155300000900176230619b xxu||||| |||| 00| 0 eng d a304.60bKBS cCentral Bureau of Statistics, Ministry of Health aKenya Demographic and Health Survey 2003 aKenyabCBSc2003 a372p